000
00400nam a22001577a 4500
003
MPLRDC
005
20220104123600.0
008
210129b ||||| |||| 00| 0 eng d
082
_a
520.13 HLCZ
100
_a
黑柳彻子
245
_a
窗口边的豆豆
_c
冯蕴蕙译
260
_a
_b
龙和出版有限公司
_c
1990
300
_b
平
650
_a
日本教育学说
942
_c
BK
_o
520.13 HLCZ
999
_c
12558
_d
12548